|
|
|
|
| LEADER |
01079nam a2200325 4500 |
| 001 |
DLU090095515 |
| 005 |
##20091201 |
| 040 |
# |
# |
|a DLU
|b eng
|
| 041 |
# |
# |
|a eng
|
| 044 |
# |
# |
|a us
|
| 245 |
# |
# |
|a Phenylene-2,5-dimethylpyrazine co-oligomers : Synthesis by Suzuki couplings, X-ray structures of neutral and diprotonated teraryl species and efficient blue emission /
|c Figen Turksoy ... [et al.].
|
| 653 |
# |
# |
|a Condensation polymerization
|
| 653 |
# |
# |
|a Crystalline structure
|
| 653 |
# |
# |
|a Electroluminescence
|
| 653 |
# |
# |
|a Light emitting diode
|
| 653 |
# |
# |
|a Photoluminescence
|
| 700 |
# |
# |
|a Batsanov, Andrei S.
|
| 700 |
# |
# |
|a Bryce, Martin R.
|
| 700 |
# |
# |
|a Hughes, Gregory.
|
| 700 |
# |
# |
|a Turksoy, Figen.
|
| 773 |
# |
# |
|t Journal of Materials Chemistry
|g Vol. 13, no. 7 (2003), p. 1554-1557
|
| 920 |
# |
# |
|a Phòng Tạp chí -- Trung tâm Thông tin - Thư viện Trường Đại học Đà Lạt
|
| 994 |
# |
# |
|a DLU
|
| 900 |
# |
# |
|a True
|
| 911 |
# |
# |
|a Trương Bảo Trâm Anh
|
| 925 |
# |
# |
|a G
|
| 926 |
# |
# |
|a A
|
| 927 |
# |
# |
|a BB
|
| 980 |
# |
# |
|a Thư viện Trường Đại học Đà Lạt
|